000 01076nam a22002537a 4500
005 20240530110518.0
008 160209s2013 ua g b 000 0 ara d
017 _a23084/2012
_bمصر . دار الكتب المصرية
020 _a9789773191689
040 _aEG-CaGPL
082 0 4 _221
_a323.34\
_bن م
100 0 _aنبراس المعمورى
245 1 2 _aالمرأة و الربيع العربى :
_b( المصرية انموذجا ) : دراسة مقارنة تحليلية لوضع المرأة المصرية قبل و بعد ثورة 25 يناير 2011 /
_cنبراس المعمورى
250 _aط1
260 _aالقاهرة :
_bالعربى للنشر و التوزيع ،
_c2013 .
300 _a192 ص ؛
_c24 سم .
504 _aيشتمل على ارجاعات ببليوجرافية
650 0 4 _aحقوق المرأة
650 0 4 _aالمرأة فى السياسة
650 0 4 _aالمرأة المصرية
650 0 4 _aالمرأة فى الحياة العامة
942 _2ddc
_cBK
999 _c61829
_d61829